| 000 | 00968nam a2200301Ia 4500 | ||
|---|---|---|---|
| 005 | 20220316235701.0 | ||
| 008 | 121119s2000 ck a gr 000 0 spa | ||
| 020 | _a9586148807 | ||
| 041 | 0 | _aspa | |
| 082 | 0 | 4 |
_a523 _bE76 |
| 245 | 0 | 0 |
_aEn el espacio _cconsultor, Anthony Wilson ; ilustraciones, Jhon Egan, Eric Robson y Alan Rowe |
| 250 | _aPrimera edición | ||
| 300 |
_a24 páginas _bilustraciones _c20 cm |
||
| 490 | 0 | _aMira y aprende | |
| 650 | 1 | 4 |
_aAstronomía _xLiteratura infantil _2LEMB |
| 650 | 1 | 4 |
_aSistema solar _2LEMB |
| 650 | 1 | 4 |
_aPlanetas _2LEMB |
| 700 | 1 |
_aWilson, Anthony _933214 |
|
| 700 | 1 |
_aEgan, Jhon _eilustrador _933215 |
|
| 700 | 1 |
_aRobson, Eric _eilustrador _933216 |
|
| 700 | 1 |
_aRowe, Alan _eilustrador _933217 |
|
| 942 |
_2ddc _cBK |
||
| 264 |
_aBogotá _bPlaneta _c2000 |
||
| 336 |
_atexto _btxt _2rdacontent |
||
| 337 |
_asin mediación _bn _2rdamedia |
||
| 338 |
_avolumen _bnc _2rdacarrier |
||
| 040 |
_aCO-BoRNBP _bspa _erda _cCO-BoRNBP |
||
| 999 |
_c1815 _d1815 |
||